01326cam a2200301 i 45000010008000000030004000080050017000120080041000290100017000700200015000870400018001020430012001200500025001320820021001571100048001782450223002262600052004493000067005015000142005685040030007106500048007406500073007886500087008617000015009487000022009637000017009857000022010023227708OSt20170207110754.0800103s1980 nyuab bc 000 0 eng  a 79027616  a0870992260 aDLCcDLCdDLC aa-cc---00aNK7983.22b.N48 198000a730/.0951/0740132 aMetropolitan Museum of Art (New York, N.Y.)14aThe great bronze age of China :ban exhibition from the People's Republic of China /cedited by Wen Fong; introductory essays by Ma Chengyuan ... [et al.] ; catalogue by Robert W. Bagley, Jenny F. So, Maxwell K. Hearn. aNew York :bMetropolitan Museum of Art,cc1980. axv, 386 p. :bill. (some col.), fold. map (inserted) ;c31 cm. aCatalogue of an exhibition to be held at the Metropolitan Museum of Art, New York, and at four other cities during the period, 1980-1981. aBibliography: p. 382-386. 0aBronzes, ChineseyTo 221 B.C.xExhibitions. 0aBronzes, ChineseyQin-Han dynasties, 221 B.C.-220 A.D.xExhibitions. 0aTerra-cotta sculpture, ChineseyQin-Han dynasties, 221 B.C.-220 A.D.zExhibitions.1 aFong, Wen.1 aBagley, Robert W.1 aSo, Jenny F.1 aHearn, Maxwell K.